Statistiques concernant Champions Serie A ( D1 Italie Football )

Cliquez ici pour prendre le quiz!

Statistiques générales

  • Ce quiz a été pris 85 fois
  • Le résultat moyen est 13 sur 16

Statistiques - réponses

Réponse% Correct
AC Milan / 19
100%
Juventus FC / 36
100%
AS Roma / 3
99%
FC Internazionale Milano / 19
99%
Hellas Verona FC / 1
99%
SSC Napoli / 3
98%
SS Lazio / 2
98%
Torino FC / 7
98%
Cagliari Calcio / 1
96%
ACF Fiorentina / 2
94%
Bologna FC / 7
91%
Genoa CFC / 9
85%
US Pro Vercelli / 7
84%
UC Sampdoria / 1
79%
FC Casale ASD / 1
13%
USD Novese / 1
11%

Distribution des résultats

Percentile par nombre de réponses

% des personnes avec chaque résultat

Votre développement - résultats

Vous n’avez pas pris ce quiz